Network + study guide :

CompTIA's popular Network+ certification will soon be upgraded to cover advances in networking technology. Here is the only self-study package for the Network+ exam that combines comprehensive instructional material with sophisticated network and operating system simulation software. And it com...

Ful tanımlama

Kaydedildi:
Detaylı Bibliyografya
Yazar: Groth, David
Materyal Türü: Kitap
Dil:Undetermined
Baskı/Yayın Bilgisi: San Francisco Wiley 2005
Konular:
Etiketler: Etiketle
Etiket eklenmemiş, İlk siz ekleyin!
Thư viện lưu trữ: Trung tâm Học liệu Trường Đại học Cần Thơ
LEADER 01282nam a2200217Ia 4500
001 CTU_213274
008 210402s9999 xx 000 0 und d
020 |c 63.49 
082 |a 004.6 
082 |b G881/CD.1 
100 |a Groth, David 
245 0 |a Network + study guide : 
245 0 |c David Groth, Toby Skandier 
260 |a San Francisco 
260 |b Wiley 
260 |c 2005 
520 |a CompTIA's popular Network+ certification will soon be upgraded to cover advances in networking technology. Here is the only self-study package for the Network+ exam that combines comprehensive instructional material with sophisticated network and operating system simulation software. And it comes to you at a tremendous value (less than the retail value of the simulation software alone)! With this premium product, you get the leading CAQC approved Network+ Study Guide which provides in-depth coverage of all official objectives plus two valuable CDs 
650 |a Computer networks,Telecommunications engineers,Microsoft software,Mạng máy tính,Kỹ sư viễn thông,Phần mềm Microsoft 
650 |x Examinations,Certification,Examinations,Bài thi,Bài thi,Bài thi 
904 |i Bạch Trúc 
980 |a Trung tâm Học liệu Trường Đại học Cần Thơ